000
00216nam a2200097Ia 4500
008
230605s9999 xx 000 0 und d
041
_a
eng
100
_a
Blitizer
245
_a
Find the Bathroom First
650
_a
H.K.
999
_c
416962
_d
416962